000 00375nam a22001337a 4500
082 _a627.525491
_bNAZ
_cL-38, p-140
100 _aNazir Ahmad
_944056
245 _aSummaries of irrigated agriculture of pakistan
260 _aLahore
_bShahzad nazir
_c1990
300 _aix, P-10.14
_bill
526 _a0
_b0
_c0
_d627_525491000000000_NAZ
650 _aMCE
_9379
942 _2ddc
_cBK
999 _c547893
_d547893